| 000 | 00716nam a2200205 i 4500 | ||
|---|---|---|---|
| 001 | 100336 | ||
| 003 | ES-MaACL | ||
| 005 | 20250331063101.0 | ||
| 007 | t| | ||
| 008 | 050926s1967 sp ||||1| spa d | ||
| 100 | 1 |
_aMarx, Karl, _d1818-1883 _978590 |
|
| 245 | 1 | 0 |
_aFormaciones económicas precapitalistas / _cCarlos Marx; prólogo de Juan Carlos Rey Martínez; introducción de E. J. Hobsbawm; [traducción Gregorio Ortiz]. |
| 260 |
_aMadrid : _bCiencia Nueva, _c1967. |
||
| 300 |
_a226 p. ; _c18 cm. |
||
| 700 | 1 |
_aRey Martínez, Juan Carlos. _996531 |
|
| 700 | 1 |
_aHobsbawm, E. J. ( _d1917-2012) _963862 |
|
| 700 | 1 |
_aOrtiz, Gregorio. _987559 |
|
| 852 |
_aES-MaACL _jC-32854 _bR.63566 |
||
| 999 |
_c100336 _d100336 |
||